000 00450nam a2200145Ia 4500
008 100122s9999 xx 000 0 und d
082 _b52137
_a821
100 _aसप्रे मधुवंती
245 _aहसले आधी कुणी
260 _bशुभांगी कारंडे
_c1995
300 _a47
630 _aहसले आधी कुणी
730 _aहसले आधी कुणी
942 _cBOOK
999 _c429410
_d429407